Statistics for Most popular baby boy names in Sweden

Click here to take the quiz!

General Stats

  • This quiz has been taken 910 times
  • The average score is 48 of 100

Answer Stats

YearAnswer% Correct
| 1920s | 1930sKarl
79%
Erik
76%
| 1970s | 1980sJohan
74%
Peter
64%
| 1940s | 1950sLars
62%
Anders
60%
Daniel
60%
Thomas
59%
William
57%
Sven
55%
| 2000s | 2010Oskar
54%
Alexander
53%
| 1990sMarcus
53%
| 1960sMikael
52%
Lucas
51%
Per
50%
Hans
49%
Fredrik
48%
Jonas
48%
Filip
47%
Viktor
46%
Andreas
45%
Oliver
45%
Niklas
43%
Emil
42%
Simon
42%
Stefan
42%
Jan
41%
Anton
40%
Bo
39%
Christoffer
39%
Liam
39%
Magnus
39%
Nils
39%
Mattias
37%
Leo
35%
Elias
34%
Mattias
32%
Bengt
30%
Hugo
28%
Mats
28%
Gunnar
26%
Theo
26%
Leif
24%
Stig
20%
Rolf
19%
Arne
13%
Kjell
9%

Score Distribution

Percentile by Number Answered

Percent of People with Each Score

Your Score History

You have not taken this quiz